Books by Author Click Quiz #1 - Statistics

General Stats
  • This quiz has been taken 461 times
  • The average score is 26 of 32
Answer Stats
Hint Answer % Correct
Harry Potter and the Philosopher's Stone J. K. Rowling
95%
Hamlet William Shakespeare
95%
Romeo and Juliet William Shakespeare
94%
Macbeth William Shakespeare
94%
The Hobbit J. R. R. Tolkien
93%
Oliver Twist Charles Dickens
92%
The Brothers Karamazov Fyodor Dostoyevsky
92%
The Fellowship of the Ring J. R. R. Tolkien
92%
Great Expectations Charles Dickens
89%
Othello William Shakespeare
89%
The Da Vinci Code Dan Brown
87%
Around the World in Eighty Days Jules Verne
87%
Twenty Thousand Leagues Under the Sea Jules Verne
87%
Quidditch Through the Ages J. K. Rowling
86%
A Journey to the Center of the Earth Jules Verne
86%
Twilight Stephenie Meyer
86%
David Copperfield Charles Dickens
85%
A Tale of Two Cities Charles Dickens
84%
Crime and Punishment Fyodor Dostoyevsky
84%
Breaking Dawn Stephenie Meyer
80%
Fantastic Beasts and Where to Find Them J. K. Rowling
79%
New Moon Stephenie Meyer
79%
Angels & Demons Dan Brown
78%
Eclipse Stephenie Meyer
78%
The Two Towers J. R. R. Tolkien
75%
The Lost Symbol Dan Brown
73%
The Idiot Fyodor Dostoyevsky
72%
Inferno Dan Brown
65%
The Mysterious Island Jules Verne
63%
The Silmarillion J. R. R. Tolkien
59%
The Tales of Beedle the Bard J. K. Rowling
44%
Demons Fyodor Dostoyevsky
19%
No matching quizzes found
Score Distribution
Percent of People with Each Score
Percentile by Number Answered
Your Score History
You have not taken this quiz